000 00608nam a2200205 a 4500
001 11709
003 CO-ViMGA
008 141112s2004 ck r 000 u spa d
020 _a8480880252
040 _aCO-ViMGA
_bspa
_cCO-ViMGA
082 0 4 _a658.562 S35c
100 1 _aStoll A., Senlle
_916318
245 1 0 _aCalidad Total y Normalización ISO 9000, Enciclopedia de excelencia y calidad total
260 _aBarcelona,
_cEdiciones Gestión 2000,
_c1994
300 _a191 p. il.
650 1 4 _aCALIDAD TOTAL, BLA
_916319
650 1 4 _aCONTROL DE CALIDAD
650 1 4 _aNORMALIZACION
_98595
942 _2ddc
_cBK
999 _c22872
_d22872